| 000 | 00682nam a2200181 a 4500 | ||
|---|---|---|---|
| 008 | 210412s2007 ||||||||||||||||| || u | ||
| 020 | _a9781609302511 | ||
| 050 | _aKB 22 Sul | ||
| 100 | _aFeldman, Noah | ||
| 245 | 1 | 0 |
_aConstitutional Law .(18th edition) _cBy Kathleen M. Sullivan; Noah Feldman |
| 250 | _a18th edition | ||
| 260 |
_aNew York _bFoundation Press _c2007 |
||
| 300 | _aIxxviii,1651 pages | ||
| 350 | _a185.00 | ||
| 650 | _aCONSTITUTIONAL LAW--UNITED STATES--CASES | ||
| 700 | _asullivan, Kathleen M | ||
| 995 |
_FCBU-MAIN LIBRARY (Kitwe) _I185.00 _M1 _UAVAILABLE _WApr 19, 2021 _ZMain Library Open Access Collection |
||
| 999 |
_c38489 _d38489 |
||